Países mas pequeños que Puerto Rico - Estadísticas

Estadísticas generales
  • Esta prueba ha sido intentada 17 veces
    11 desde el último reinicio
  • La puntuación promedio es 23 de 32
Estadísticas de respuestas
Hint Respuesta % Correcto
2 Mónaco
100%
4033 Cabo Verde
88%
0’49 Ciudad del Vaticano
88%
702 Estados Federados de Micronesia
88%
811 Kiribati
88%
160 Liechtenstein
88%
2586 Luxemburgo
88%
316 Malta
88%
616 Santa Lucía
88%
964 Santo Tomé y Príncipe
88%
455 Seychelles
88%
5128 Trinidad y Tobago
88%
468 Andorra
75%
430 Barbados
75%
344 Granada
75%
298 Maldivas
75%
261 San Cristóbal
75%
61 San Marino
75%
26 Tuvalu
75%
1862 Comoras
63%
751 Dominica
63%
189 Islas Marshall
63%
2040 Mauricio
63%
21 Nauru
63%
459 Palaos
63%
2831 Samoa
63%
389 San Vicente y las Granadinas
63%
747 Tonga
63%
443 Antigua y Barbuda
50%
5765 Brunéi
50%
760 Baréin
38%
728 Singapur
38%
No se encontraron pruebas coincidentes
Distribución de puntuación
Porcentaje de gente con cada puntuación
Porcentaje por número respondido
Historial de tus puntuaciones
No has intentado esta prueba desde el último reinicio